[Event "Coventry International"]
[Site "Coventry"]
[Date "2025.10.27"]
[Round "3.26"]
[White "Brett, Andrew R"]
[Black "Mehmood, Muhammed"]
[Result "1/2-1/2"]
[WhiteElo "2034"]
[BlackElo "1660"]
[PlyCount "52"]
[EventDate "2025.10.26"]
[EventType "swiss"]
[EventRounds "9"]
[EventCountry "ENG"]
[SourceTitle "BritBase"]
[Source "John Saunders"]
[SourceDate "2025.10.31"]
[SourceVersion "1"]
[SourceVersionDate "2025.10.31"]
[SourceQuality "1"]

1. d4 Nf6 2. c4 g6 3. Nc3 Bg7 4. e4 d6 5. Nf3 O-O 6. h3 e5 7. d5 Na6 8. Bg5 h6 9. Be3 Nc5 10. Nd2 a5 11. g4 Ne8 12. h4 Bd7 13. h5 g5 14. f3 b6 15. Be2 a4 16. Qc2 Qb8 17. Nf1 Nf6 18. Ng3 Ne8 19. Qd2 f6 20. O-O Rf7 21. Qc2 Bf8 22. Rfb1 Ng7 23. Qd2 Be7 24. Qd1 Rf8 25. Nh1 Qb7 26. Ng3 Ra6 1/2-1/2

[Event "Coventry International"]
[Site "Coventry"]
[Date "2025.10.27"]
[Round "3.27"]
[White "Dupuis, Denis K"]
[Black "Manickam, Saravanna Bava"]
[Result "1-0"]
[WhiteElo "2013"]
[BlackElo "1808"]
[PlyCount "37"]
[EventDate "2025.10.26"]
[EventType "swiss"]
[EventRounds "9"]
[EventCountry "ENG"]
[SourceTitle "BritBase"]
[Source "John Saunders"]
[SourceDate "2025.10.31"]
[SourceVersion "1"]
[SourceVersionDate "2025.10.31"]
[SourceQuality "1"]

1. e4 c6 2. d4 d5 3. exd5 cxd5 4. c4 Nf6 5. Nc3 Nc6 6. Nf3 Bg4 7. cxd5 Nxd5 8. Qb3 Bxf3 9. gxf3 Nb6 10. Be3 e6 11. a4 Rb8 12. Rg1 g6 13. O-O-O Nd5 14. Nxd5 Qxd5 15. Bc4 Qf5 16. Rg5 Qf6 17. Rb5 Bg7 18. Bg5 Nxd4 19. Qb4 1-0

[Event "Coventry International"]
[Site "Coventry"]
[Date "2025.10.27"]
[Round "3.28"]
[White "Edwards, Rhys"]
[Black "Pal, Rohan"]
[Result "0-1"]
[WhiteElo "1751"]
[BlackElo "2101"]
[PlyCount "74"]
[EventDate "2025.10.26"]
[EventType "swiss"]
[EventRounds "9"]
[EventCountry "ENG"]
[SourceTitle "BritBase"]
[Source "John Saunders"]
[SourceDate "2025.10.31"]
[SourceVersion "1"]
[SourceVersionDate "2025.10.31"]
[SourceQuality "1"]

1. d4 Nf6 2. Nf3 e6 3. c4 d5 4. Nc3 Be7 5. Bf4 O-O 6. e3 b6 7. Bd3 dxc4 8. Bxc4 Ba6 9. Qe2 Bxc4 10. Qxc4 c5 11. O-O Qc8 12. Rfd1 Nbd7 13. Rac1 Qb7 14. h3 cxd4 15. Rxd4 Rac8 16. Qf1 a6 17. Bd6 Bxd6 18. Rxd6 b5 19. a3 Nb6 20. Rdd1 Nc4 21. Qe2 Rc7 22. e4 Nd7 23. Rb1 Nxa3 24. Rxd7 Nxb1 25. Rxc7 Qxc7 26. Nxb1 Qc1+ 27. Qf1 Qxb2 28. Nbd2 Rd8 29. Qe2 a5 30. e5 a4 31. Qe4 h6 32. g4 a3 33. g5 a2 34. gxh6 a1=Q+ 35. Kg2 Rxd2 36. Nxd2 Qxd2 37. hxg7 Qd5 0-1

[Event "Coventry International"]
[Site "Coventry"]
[Date "2025.10.27"]
[Round "3.29"]
[White "Hindol, Ghosh"]
[Black "Hariharan, Shambavi"]
[Result "1/2-1/2"]
[WhiteElo "1866"]
[BlackElo "1989"]
[PlyCount "54"]
[EventDate "2025.10.26"]
[EventType "swiss"]
[EventRounds "9"]
[EventCountry "ENG"]
[SourceTitle "BritBase"]
[Source "John Saunders"]
[SourceDate "2025.10.31"]
[SourceVersion "1"]
[SourceVersionDate "2025.10.31"]
[SourceQuality "1"]

1. e4 e5 2. Nf3 Nc6 3. Nc3 Nf6 4. d4 exd4 5. Nxd4 Bb4 6. Nxc6 bxc6 7. Bd3 d5 8. exd5 O-O 9. O-O cxd5 10. Bg5 c6 11. Na4 Be6 12. c3 Be7 13. Re1 Nd7 14. Bxe7 Qxe7 15. Bc2 Qf6 16. b4 Bf5 17. Bxf5 Qxf5 18. Qd4 a5 19. Nb6 Nxb6 20. Qxb6 axb4 21. cxb4 Qc2 22. Rac1 Qxa2 23. Rxc6 Rab8 24. Qd4 Qb3 25. Rd6 Qxb4 26. Qxb4 Rxb4 27. Rxd5 Rfb8 1/2-1/2

[Event "Coventry International"]
[Site "Coventry"]
[Date "2025.10.27"]
[Round "3.30"]
[White "Ranasinghe, Chaniru"]
[Black "Vaidyanathan, Avinash"]
[Result "0-1"]
[WhiteElo "1805"]
[BlackElo "1949"]
[PlyCount "52"]
[EventDate "2025.10.26"]
[EventType "swiss"]
[EventRounds "9"]
[EventCountry "ENG"]
[SourceTitle "BritBase"]
[Source "John Saunders"]
[SourceDate "2025.10.31"]
[SourceVersion "1"]
[SourceVersionDate "2025.10.31"]
[SourceQuality "1"]

1. d4 d5 2. Bf4 c5 3. e3 Nc6 4. c3 Qb6 5. Qb3 c4 6. Qc2 e5 7. Bxe5 Nxe5 8. dxe5 Bf5 9. Qc1 f6 10. Nf3 fxe5 11. Nxe5 Nf6 12. Be2 Bc5 13. Nf3 O-O 14. O-O Bg4 15. b4 cxb3 16. axb3 Rae8 17. c4 Rxe3 18. Nc3 Rxe2 19. Nxe2 Ne4 20. Qe1 Bxf3 21. Ng3 Nxg3 22. hxg3 Be4 23. Ra2 Bd3 24. cxd5 Bxf1 25. Kxf1 Qxb3 26. Re2 Qxd5 0-1

[Event "Coventry International"]
[Site "Coventry"]
[Date "2025.10.27"]
[Round "3.31"]
[White "Vaidyanathan, Sathya"]
[Black "Lazarus, Simon E"]
[Result "0-1"]
[WhiteElo "1770"]
[BlackElo "1910"]
[PlyCount "66"]
[EventDate "2025.10.26"]
[EventType "swiss"]
[EventRounds "9"]
[EventCountry "ENG"]
[SourceTitle "BritBase"]
[Source "John Saunders"]
[SourceDate "2025.10.31"]
[SourceVersion "1"]
[SourceVersionDate "2025.10.31"]
[SourceQuality "1"]

1. e4 g6 2. Nc3 Bg7 3. d4 c6 4. Be3 d5 5. e5 f6 6. f4 Nh6 7. Qd2 Ng4 8. h3 Nxe3 9. Qxe3 O-O 10. O-O-O b5 11. g4 fxe5 12. fxe5 a5 13. Bd3 a4 14. Qg3 Qa5 15. Nce2 c5 16. dxc5 Nd7 17. h4 Bxe5 18. Qg2 Bb7 19. h5 g5 20. h6 Nxc5 21. Rh5 Bf6 22. Nh3 a3 23. b3 Nxd3+ 24. cxd3 Qc7+ 25. Kb1 Rac8 26. Rd2 Qe5 27. d4 Qe3 28. Rd1 Rc7 29. Qf2 Qe4+ 30. Ka1 Rfc8 31. Rxg5+ Kh8 32. Rg7 Bxd4+ 33. Qxd4 Qxd4+ 0-1

[Event "Coventry International"]
[Site "Coventry"]
[Date "2025.10.27"]
[Round "3.32"]
[White "Ratcliffe, James"]
[Black "Ward, Cian"]
[Result "1/2-1/2"]
[WhiteElo "1773"]
[BlackElo "1909"]
[PlyCount "51"]
[EventDate "2025.10.26"]
[EventType "swiss"]
[EventRounds "9"]
[EventCountry "ENG"]
[SourceTitle "BritBase"]
[Source "John Saunders"]
[SourceDate "2025.10.31"]
[SourceVersion "1"]
[SourceVersionDate "2025.10.31"]
[SourceQuality "1"]

1. e4 e6 2. d3 d5 3. Nd2 Nf6 4. Ngf3 c5 5. g3 Nc6 6. Bg2 b6 7. O-O Bb7 8. e5 Nd7 9. Re1 Qc7 10. Qe2 O-O-O 11. h4 Kb8 12. Nf1 h6 13. h5 f6 14. Bf4 fxe5 15. Nxe5 Ndxe5 16. Bxe5 Bd6 17. Bxg7 Qxg7 18. c3 Rde8 19. Rec1 Qe5 20. Qd1 d4 21. Nd2 Ne7 22. Nc4 Qf6 23. Nxd6 Ref8 24. Nxb7 Qxf2+ 25. Kh2 Nf5 26. Qf3 1/2-1/2

[Event "Coventry International"]
[Site "Coventry"]
[Date "2025.10.27"]
[Round "3.33"]
[White "Swiatkowski, Dominik"]
[Black "Shivakumar, Akshath"]
[Result "1/2-1/2"]
[WhiteElo "1891"]
[BlackElo "1872"]
[PlyCount "146"]
[EventDate "2025.10.26"]
[EventType "swiss"]
[EventRounds "9"]
[EventCountry "ENG"]
[SourceTitle "BritBase"]
[Source "John Saunders"]
[SourceDate "2025.10.31"]
[SourceVersion "1"]
[SourceVersionDate "2025.10.31"]
[SourceQuality "1"]

1. e4 c5 2. Nf3 Nc6 3. Bb5 g6 4. Bxc6 dxc6 5. d3 Bg7 6. h3 Nf6 7. Nc3 Nd7 8. Be3 e5 9. Qd2 Qe7 10. O-O f6 11. Nh2 g5 12. Ne2 Nf8 13. Ng3 h5 14. Qe2 h4 15. Nf5 Bxf5 16. exf5 O-O-O 17. Qg4 Nd7 18. a3 Rhe8 19. Qc4 e4 20. d4 cxd4 21. Bxd4 Ne5 22. Qa4 a6 23. Bb6 Rd5 24. Qxe4 Nd7 25. Qxe7 Rxe7 26. Be3 Rxf5 27. Nf3 c5 28. Rad1 Nb6 29. b3 Rd7 30. Rxd7 Nxd7 31. Rd1 c4 32. Nd4 Rd5 33. bxc4 Ra5 34. Ne6 Bh6 35. Rd3 Re5 36. Rd6 f5 37. Nxg5 f4 38. Bxf4 Bxg5 39. Bxe5 Nxe5 40. Rd5 Bf4 41. Rd4 Ng6 42. Kf1 Be5 43. Rg4 Ne7 44. Rxh4 Bd6 45. a4 Kc7 46. Rh7 Kb6 47. g4 Ka5 48. f4 Kxa4 49. f5 Kb4 50. f6 Ng6 51. Rxb7+ Kxc4 52. Rb6 Bf8 53. Rxa6 Kd5 54. g5 Ke5 55. Kf2 Kf5 56. Ra5+ Ne5 57. Kg3 Bd6 58. Rd5 Bc7 59. f7 Ke6 60. f8=Q Ng6+ 61. Qd6+ Bxd6+ 62. Rxd6+ Kxd6 63. Kg4 Ke6 64. c3 Ne5+ 65. Kh5 Kf5 66. c4 Nxc4 67. g6 Kf6 68. Kh6 Ne5 69. g7 Nf7+ 70. Kh7 Ng5+ 71. Kg8 Ne6 72. h4 Nxg7 73. h5 Nxh5 1/2-1/2

[Event "Coventry International"]
[Site "Coventry"]
[Date "2025.10.27"]
[Round "3.34"]
[White "Miller, George I"]
[Black "Sasikumar, Srivathsan"]
[Result "0-1"]
[WhiteElo "1873"]
[BlackElo "2021"]
[PlyCount "54"]
[EventDate "2025.10.26"]
[EventType "swiss"]
[EventRounds "9"]
[EventCountry "ENG"]
[SourceTitle "BritBase"]
[Source "John Saunders"]
[SourceDate "2025.10.31"]
[SourceVersion "1"]
[SourceVersionDate "2025.10.31"]
[SourceQuality "1"]

1. d4 Nf6 2. Nf3 e6 3. e3 d5 4. Bd3 c5 5. c3 Nc6 6. O-O Bd6 7. Nbd2 O-O 8. dxc5 Bxc5 9. b4 Bd6 10. b5 Ne5 11. Nxe5 Bxe5 12. Bb2 Qc7 13. f4 Bd6 14. Rc1 e5 15. c4 Qb6 16. Kh1 Ng4 17. fxe5 Nxe3 18. Qh5 g6 19. Qh6 Ng4 20. Qf4 Bc5 21. e6 Bxe6 22. cxd5 Be3 23. Nc4 Bxf4 24. Nxb6 Bxc1 25. Nxa8 Bxb2 26. Nc7 Bd7 27. Bc4 Ne3 0-1

[Event "Coventry International"]
[Site "Coventry"]
[Date "2025.10.27"]
[Round "3.35"]
[White "Ireland, David J"]
[Black "Swiatkowski, Aram"]
[Result "1/2-1/2"]
[WhiteElo "1956"]
[BlackElo "1860"]
[PlyCount "78"]
[EventDate "2025.10.26"]
[EventType "swiss"]
[EventRounds "9"]
[EventCountry "ENG"]
[SourceTitle "BritBase"]
[Source "John Saunders"]
[SourceDate "2025.10.31"]
[SourceVersion "1"]
[SourceVersionDate "2025.10.31"]
[SourceQuality "1"]

1. d4 Nf6 2. Nc3 e6 3. Bf4 c5 4. e3 cxd4 5. exd4 Bb4 6. Bd3 Nd5 7. Bd2 Bxc3 8. bxc3 Qc7 9. Ne2 b6 10. O-O f5 11. c4 Nf6 12. Bf4 d6 13. Nc3 a6 14. c5 bxc5 15. dxc5 Qxc5 16. Qf3 Nc6 17. Na4 Qd5 18. Nb6 Qxf3 19. gxf3 Rb8 20. Nxc8 Rxc8 21. Bxd6 Nd4 22. Kg2 Kd7 23. Be5 Nxc2 24. Rab1 Nd5 25. Bxa6 Ra8 26. Bc4 Nce3+ 27. fxe3 Nxe3+ 28. Kh1 Nxc4 29. Rb7+ Ke8 30. Bxg7 Rg8 31. Re1 Ra6 32. Bf6 Rg6 33. Bh4 Rxa2 34. Rc1 Ra8 35. Rxh7 Ra4 36. Rd1 Nd2 37. h3 Ra2 38. Rc1 Nc4 39. Rxc4 Ra1+ 1/2-1/2

[Event "Coventry International"]
[Site "Coventry"]
[Date "2025.10.27"]
[Round "3.36"]
[White "Sandhu, Manvith"]
[Black "Dhingra, Kanvansh"]
[Result "1-0"]
[WhiteElo "1937"]
[BlackElo "1771"]
[PlyCount "127"]
[EventDate "2025.10.26"]
[EventType "swiss"]
[EventRounds "9"]
[EventCountry "ENG"]
[SourceTitle "BritBase"]
[Source "John Saunders"]
[SourceDate "2025.10.31"]
[SourceVersion "1"]
[SourceVersionDate "2025.10.31"]
[SourceQuality "1"]

1. e4 c5 2. Nf3 e6 3. d4 cxd4 4. Nxd4 Nc6 5. Nc3 a6 6. Be3 Qc7 7. a3 b5 8. Be2 Bb7 9. O-O Na5 10. Qd3 Nf6 11. f4 d5 12. exd5 Nxd5 13. Nxd5 Bxd5 14. f5 Bd6 15. Nf3 Rd8 16. Kh1 Bc4 17. Qd2 Be5 18. Bd3 Nb3 19. Qf2 Bxd3 20. cxd3 Rb8 21. Nxe5 Qxe5 22. Rae1 Qf6 23. Qc2 O-O 24. Qxb3 exf5 25. Qc3 Qg6 26. Qe5 Rbc8 27. Qxf5 Qd6 28. Rc1 Rxc1 29. Rxc1 Re8 30. Rc8 Qf8 31. Rxe8 Qxe8 32. Qe4 Qc8 33. h3 h6 34. d4 Qc4 35. Qg4 Kh7 36. Qf3 a5 37. d5 Qd3 38. Kh2 b4 39. axb4 axb4 40. Bc5 Qc4 41. Qf5+ Kg8 42. d6 Qb5 43. d7 Qb8+ 44. Kh1 Qc7 45. Qd5 Qd8 46. Bb6 Qxb6 47. d8=Q+ Qxd8 48. Qxd8+ Kh7 49. Qd4 b3 50. Qd3+ g6 51. Qxb3 Kg7 52. Qc3+ f6 53. b4 g5 54. b5 h5 55. b6 g4 56. hxg4 hxg4 57. b7 g3 58. b8=Q Kf7 59. Qf4 Ke6 60. Qcxf6+ Kd7 61. Q4d6+ Kc8 62. Qfd8+ Kb7 63. Q8b6+ Ka8 64. Qdc6# 1-0

[Event "Coventry International"]
[Site "Coventry"]
[Date "2025.10.27"]
[Round "3.37"]
[White "Parikh, Naavya"]
[Black "McMahon, Paul"]
[Result "0-1"]
[WhiteElo "1846"]
[BlackElo "1894"]
[PlyCount "82"]
[EventDate "2025.10.26"]
[EventType "swiss"]
[EventRounds "9"]
[EventCountry "ENG"]
[SourceTitle "BritBase"]
[Source "John Saunders"]
[SourceDate "2025.10.31"]
[SourceVersion "1"]
[SourceVersionDate "2025.10.31"]
[SourceQuality "1"]

1. e4 d5 2. exd5 Nf6 3. d4 Bg4 4. f3 Bf5 5. c4 e6 6. dxe6 Nc6 7. d5 Nb4 8. exf7+ Kxf7 9. Na3 Qe8+ 10. Be2 Bc5 11. Kf1 Qe7 12. g4 Bg6 13. Nh3 Rhf8 14. Nf4 Kg8 15. h3 Rae8 16. Ne6 Ne4 17. Rh2 Qd6 18. Rg2 Rxe6 19. dxe6 Qxe6 20. Qe1 Qd6 21. Nb5 Qd8 22. Bd1 Qd3+ 23. Qe2 Rxf3+ 24. Ke1 Rxh3 25. Qxd3 Nxd3+ 26. Ke2 c6 27. Nc3 Nxc1+ 28. Rxc1 Re3+ 29. Kf1 Ng3+ 30. Rxg3 Rxg3 31. Ne2 Bd3 32. Ke1 Bb4+ 33. Kf2 Rxg4 34. Bb3 Bc5+ 35. Kf3 Re4 36. Nc3 Re3+ 37. Kf4 Re6 38. Na4 Be3+ 39. Kf3 Bxc1 40. c5 Bf5 41. Bxe6+ Bxe6 0-1

[Event "Coventry International"]
[Site "Coventry"]
[Date "2025.10.28"]
[Round "4.1"]
[White "Harikrishnan, A Ra"]
[Black "Plat, Vojtech"]
[Result "0-1"]
[WhiteElo "2534"]
[BlackElo "2456"]
[PlyCount "92"]
[EventDate "2025.10.26"]
[EventType "swiss"]
[EventRounds "9"]
[EventCountry "ENG"]
[SourceTitle "BritBase"]
[Source "John Saunders"]
[SourceDate "2025.10.31"]
[SourceVersion "1"]
[SourceVersionDate "2025.10.31"]
[SourceQuality "1"]

1. d4 Nf6 2. Nf3 g6 3. c4 Bg7 4. e3 O-O 5. Be2 c5 6. dxc5 Na6 7. O-O Nxc5 8. b4 Nce4 9. Bb2 a5 10. a3 axb4 11. axb4 Rxa1 12. Bxa1 Qb6 13. Qb3 d6 14. h3 e5 15. Nbd2 Nxd2 16. Nxd2 Be6 17. Bc3 Qc7 18. Qa3 Nd7 19. b5 d5 20. Ba5 b6 21. Bb4 Rc8 22. Bd6 Bf8 23. Bxf8 Nxf8 24. cxd5 Bxd5 25. Bf3 Bxf3 26. Nxf3 Ne6 27. Qa1 f6 28. Rd1 Rd8 29. Rxd8+ Qxd8 30. Qa2 Qd7 31. Nd2 Kg7 32. Nc4 Ng5 33. Qa8 Qd3 34. Qb7+ Kh6 35. Qc8 Ne4 36. Qf8+ Kg5 37. h4+ Kh5 38. Qg7 Qb1+ 39. Kh2 Nxf2 40. Nxe5 fxe5 41. Qxh7+ Kg4 42. Qd7+ Qf5 43. Qd8 e4 44. Qxb6 Kh5 45. Qd8 Ng4+ 46. Kh3 Nxe3+ 0-1

[Event "Coventry International"]
[Site "Coventry"]
[Date "2025.10.28"]
[Round "4.2"]
[White "Arun, Nitish"]
[Black "Wadsworth, Matthew J"]
[Result "0-1"]
[WhiteElo "2094"]
[BlackElo "2487"]
[PlyCount "110"]
[EventDate "2025.10.26"]
[EventType "swiss"]
[EventRounds "9"]
[EventCountry "ENG"]
[SourceTitle "BritBase"]
[Source "John Saunders"]
[SourceDate "2025.10.31"]
[SourceVersion "1"]
[SourceVersionDate "2025.10.31"]
[SourceQuality "1"]

1. d4 Nf6 2. c4 e6 3. Nc3 Bb4 4. e3 b6 5. Bd2 Bb7 6. Nf3 c5 7. Be2 O-O 8. O-O d5 9. cxd5 exd5 10. a3 Bxc3 11. Bxc3 c4 12. b3 Qc7 13. Ne5 Nc6 14. Nxc6 Qxc6 15. Bf3 b5 16. Bb4 Rfe8 17. Bc5 Nd7 18. b4 a5 19. Qd2 a4 20. Kh1 Qh6 21. Qc2 Ra6 22. Qf5 Nf6 23. Qf4 Qxf4 24. exf4 Ne4 25. Bxe4 Rxe4 26. f5 Ra8 27. Rfe1 Rae8 28. Rxe4 Rxe4 29. Kg1 h5 30. Kf1 Rf4 31. Re1 Rxf5 32. Re3 Rf6 33. Rh3 Bc8 34. Re3 Bf5 35. Ke1 h4 36. Be7 Rg6 37. g3 hxg3 38. fxg3 Be4 39. Kd2 Re6 40. Bg5 f6 41. Bf4 g5 42. Bb8 Kf7 43. h4 Re8 44. Bc7 Rc8 45. Bd6 Ke6 46. Bc5 Rh8 47. hxg5 Rh2+ 48. Kc1 fxg5 49. Bb6 Kf5 50. Bc7 Kg4 51. Bd6 Ra2 52. Bc7 Bd3 53. Bd8 Rxa3 54. Kb2 Rb3+ 55. Ka1 c3 0-1

[Event "Coventry International"]
[Site "Coventry"]
[Date "2025.10.28"]
[Round "4.3"]
[White "Willow, Jonah B"]
[Black "Mirzoeva, Elmira"]
[Result "1-0"]
[WhiteElo "2472"]
[BlackElo "2300"]
[PlyCount "69"]
[EventDate "2025.10.26"]
[EventType "swiss"]
[EventRounds "9"]
[EventCountry "ENG"]
[SourceTitle "BritBase"]
[Source "John Saunders"]
[SourceDate "2025.10.31"]
[SourceVersion "1"]
[SourceVersionDate "2025.10.31"]
[SourceQuality "1"]

1. c4 c6 2. Nf3 d5 3. g3 Nf6 4. Bg2 g6 5. O-O Bg7 6. b3 O-O 7. Bb2 a5 8. Nc3 Ne4 9. Na4 Bxb2 10. Nxb2 d4 11. e3 dxe3 12. fxe3 Bg4 13. Qc2 Nf6 14. d4 Nbd7 15. c5 e5 16. Nc4 exd4 17. exd4 Bf5 18. Qd2 Ne4 19. Qf4 Ndf6 20. Rae1 a4 21. g4 Bxg4 22. Rxe4 Bxf3 23. Qxf3 Nxe4 24. Qxe4 axb3 25. axb3 Qg5 26. Nd6 Ra2 27. Nxb7 f5 28. Qxc6 Kh8 29. Qd5 Qg4 30. h3 Qg5 31. Nd6 Kg7 32. Kh1 Rd8 33. Qe5+ Kg8 34. Bd5+ Kf8 35. Qh8+ 1-0

[Event "Coventry International"]
[Site "Coventry"]
[Date "2025.10.28"]
[Round "4.4"]
[White "Kovchan, Alexander"]
[Black "Hebden, Mark L"]
[Result "1/2-1/2"]
[WhiteElo "2444"]
[BlackElo "2355"]
[PlyCount "41"]
[EventDate "2025.10.26"]
[EventType "swiss"]
[EventRounds "9"]
[EventCountry "ENG"]
[SourceTitle "BritBase"]
[Source "John Saunders"]
[SourceDate "2025.10.31"]
[SourceVersion "1"]
[SourceVersionDate "2025.10.31"]
[SourceQuality "1"]

1. e4 e5 2. Nf3 Nc6 3. Bb5 a6 4. Ba4 Nf6 5. O-O Be7 6. d3 b5 7. Bb3 d6 8. a3 O-O 9. Nc3 Nb8 10. h3 c5 11. Nd5 Be6 12. Nxf6+ Bxf6 13. Bxe6 fxe6 14. b4 Nc6 15. c3 Rc8 16. Be3 Be7 17. Nd2 Qd7 18. Qb1 Rc7 19. Qa2 Kh8 20. Rfd1 Nd8 21. Qb3 1/2-1/2

[Event "Coventry International"]
[Site "Coventry"]
[Date "2025.10.28"]
[Round "4.5"]
[White "Gormally, Daniel W"]
[Black "Balaji, Aaravamudhan"]
[Result "1/2-1/2"]
[WhiteElo "2396"]
[BlackElo "2288"]
[PlyCount "95"]
[EventDate "2025.10.26"]
[EventType "swiss"]
[EventRounds "9"]
[EventCountry "ENG"]
[SourceTitle "BritBase"]
[Source "John Saunders"]
[SourceDate "2025.10.31"]
[SourceVersion "1"]
[SourceVersionDate "2025.10.31"]
[SourceQuality "1"]

1. e4 e5 2. Nf3 Nc6 3. Bb5 a6 4. Ba4 Nf6 5. O-O b5 6. Bb3 Bc5 7. d3 h6 8. a4 Rb8 9. Nc3 O-O 10. Ne2 d6 11. c3 Bb6 12. Ng3 Ne7 13. d4 Ng6 14. Be3 c5 15. h3 Bb7 16. Bc2 Re8 17. axb5 axb5 18. dxe5 dxe5 19. Nh2 Qxd1 20. Rfxd1 Re6 21. Ng4 Nxg4 22. hxg4 c4 23. Nf5 Bxe3 24. Nxe3 Bc6 25. f3 Be8 26. Ra7 Re7 27. Rda1 Rxa7 28. Rxa7 Rd8 29. Kf2 Nf4 30. Ke1 Kf8 31. g3 Ne6 32. Nd5 Bc6 33. Nb4 Be8 34. Ke2 Rd7 35. Ra5 Rd6 36. Ke3 Rd8 37. f4 f6 38. b3 cxb3 39. Bxb3 Nc5 40. Bd5 Na4 41. Kd2 Rc8 42. Be6 Rd8+ 43. Kc2 Nc5 44. Bd5 Rc8 45. Kd2 Na4 46. Be6 Rd8+ 47. Kc2 Nc5 48. Bd5 1/2-1/2

[Event "Coventry International"]
[Site "Coventry"]
[Date "2025.10.28"]
[Round "4.6"]
[White "Golubka, Petr"]
[Black "Talab, Rami"]
[Result "1-0"]
[WhiteElo "2385"]
[BlackElo "2052"]
[PlyCount "87"]
[EventDate "2025.10.26"]
[EventType "swiss"]
[EventRounds "9"]
[EventCountry "ENG"]
[SourceTitle "BritBase"]
[Source "John Saunders"]
[SourceDate "2025.10.31"]
[SourceVersion "1"]
[SourceVersionDate "2025.10.31"]
[SourceQuality "1"]

1. e4 c6 2. d4 d5 3. e5 c5 4. dxc5 Nc6 5. a3 Nxe5 6. b4 e6 7. Bb2 Qc7 8. Nc3 a6 9. Nxd5 exd5 10. Qe2 f6 11. f4 Bg4 12. Nf3 O-O-O 13. fxe5 d4 14. e6 Qf4 15. h3 Bxf3 16. Qxf3 Qxf3 17. gxf3 Ne7 18. O-O-O Nf5 19. h4 Be7 20. Bd3 Ne3 21. Rdg1 g6 22. h5 g5 23. h6 f5 24. Rh5 Bf6 25. Rhxg5 Bxg5 26. Rxg5 Rhe8 27. Rg7 Rxe6 28. Rxh7 Rg6 29. Kb1 Kb8 30. a4 Nd5 31. Bxd4 Nxb4 32. Be5+ Ka7 33. Bxf5 Rg1+ 34. Kb2 Rg2 35. Be4 Nd3+ 36. Bxd3 Rxd3 37. c6 Rd5 38. Rxb7+ Ka8 39. h7 Rd8 40. c7 Rgd2 41. Rb8+ Ka7 42. Rxd8 a5 43. Rxd2 Kb7 44. c8=Q+ 1-0

[Event "Coventry International"]
[Site "Coventry"]
[Date "2025.10.28"]
[Round "4.7"]
[White "Jackson, James P"]
[Black "Kanyamarala, Tarun"]
[Result "0-1"]
[WhiteElo "2365"]
[BlackElo "2376"]
[PlyCount "78"]
[EventDate "2025.10.26"]
[EventType "swiss"]
[EventRounds "9"]
[EventCountry "ENG"]
[SourceTitle "BritBase"]
[Source "John Saunders"]
[SourceDate "2025.10.31"]
[SourceVersion "1"]
[SourceVersionDate "2025.10.31"]
[SourceQuality "1"]

1. e4 c5 2. Nf3 Nc6 3. d4 cxd4 4. Nxd4 g6 5. c4 Nf6 6. Nc3 Nxd4 7. Qxd4 d6 8. f3 Bg7 9. Be3 O-O 10. Qd2 Bd7 11. Be2 a5 12. b3 Bc6 13. Rb1 Nd7 14. O-O Nc5 15. Rfd1 f5 16. exf5 Rxf5 17. Bf1 Qf8 18. Ne2 Ne6 19. Nd4 Bxd4 20. Bxd4 Nxd4 21. Qxd4 Qf6 22. Qf2 Rf8 23. Re1 Qg5 24. Qg3 Qf6 25. Qf2 e5 26. Qe3 Rg5 27. Be2 Qe7 28. Bd1 Rgf5 29. Rb2 Qh4 30. Qf2 Qg5 31. Qg3 Qc1 32. Rc2 Qa3 33. Rd2 Qb4 34. Qf2 e4 35. Bc2 Re5 36. f4 e3 37. Rxe3 Rxf4 38. Qe2 Qc5 39. Rdd3 Be4 0-1

[Event "Coventry International"]
[Site "Coventry"]
[Date "2025.10.28"]
[Round "4.8"]
[White "Pal, Rohan"]
[Black "Lohia, Sohum"]
[Result "0-1"]
[WhiteElo "2101"]
[BlackElo "2391"]
[PlyCount "100"]
[EventDate "2025.10.26"]
[EventType "swiss"]
[EventRounds "9"]
[EventCountry "ENG"]
[SourceTitle "BritBase"]
[Source "John Saunders"]
[SourceDate "2025.10.31"]
[SourceVersion "1"]
[SourceVersionDate "2025.10.31"]
[SourceQuality "1"]

1. e4 c5 2. Nf3 a6 3. g3 Nc6 4. Bg2 e5 5. O-O g6 6. c3 Bg7 7. d4 cxd4 8. cxd4 exd4 9. Bf4 Nge7 10. Bd6 O-O 11. Nbd2 Re8 12. Nb3 b6 13. Nfxd4 Bb7 14. Re1 Ra7 15. Qd2 Qa8 16. Bf4 Nxd4 17. Nxd4 Nc6 18. Nxc6 Bxc6 19. f3 d5 20. exd5 Rxe1+ 21. Rxe1 Bxd5 22. b3 Rd7 23. Qf2 Be6 24. Be3 b5 25. f4 Qd8 26. Bf3 Rd3 27. Kg2 Qd7 28. Qc2 Bd5 29. Qf2 Bd4 30. Bxd5 Qxd5+ 31. Qf3 Bxe3 32. Qxd5 Rxd5 33. Rxe3 Rd2+ 34. Kh3 Rxa2 35. Re8+ Kg7 36. Ra8 Kf6 37. Kg4 Ra3 38. h4 h5+ 39. Kh3 Kf5 40. Ra7 Kf6 41. Ra8 a5 42. Ra6+ Kf5 43. Ra7 Ke6 44. Kg2 b4 45. Kf2 f6 46. Kg2 Kf5 47. Ra6 Rxb3 48. Rxa5+ Kg4 49. Ra6 Rxg3+ 50. Kf2 Rf3+ 0-1

[Event "Coventry International"]
[Site "Coventry"]
[Date "2025.10.28"]
[Round "4.9"]
[White "Shearsby, Jude"]
[Black "Hanache, Kai"]
[Result "1/2-1/2"]
[WhiteElo "2330"]
[BlackElo "2122"]
[PlyCount "62"]
[EventDate "2025.10.26"]
[EventType "swiss"]
[EventRounds "9"]
[EventCountry "ENG"]
[SourceTitle "BritBase"]
[Source "John Saunders"]
[SourceDate "2025.10.31"]
[SourceVersion "1"]
[SourceVersionDate "2025.10.31"]
[SourceQuality "1"]

1. e4 c5 2. Nc3 Nc6 3. f4 g6 4. Nf3 Bg7 5. a4 e6 6. e5 d6 7. Bb5 Nge7 8. Ne4 dxe5 9. fxe5 O-O 10. Nf6+ Kh8 11. d4 Nd5 12. Bg5 Nxf6 13. O-O h6 14. exf6 hxg5 15. fxg7+ Kxg7 16. dxc5 Qe7 17. Qd6 Qxd6 18. cxd6 f6 19. Rfd1 Bd7 20. a5 Rac8 21. a6 b6 22. Ra3 Rfd8 23. Rc3 e5 24. Kf2 g4 25. Nd2 Kf8 26. Nc4 Nb8 27. Nxb6 axb6 28. a7 Nc6 29. a8=Q Rxa8 30. Bxc6 Rac8 31. Bb7 Rxc3 1/2-1/2